000 00563nam a2200205Ia 4500
001 14561
003 IVS
005 20250626030538.0
008 211022s9999 xx 000 0 und d
040 _cIVS
082 _a746 SAR
100 _aSarah Sohail
245 0 _aKhatri Esack Yusuf Block Prints, a lost legacy
260 _aKarachi
260 _bIndus Valley School of Art & Architecture
260 _c2019
300 _a46 pages
856 _uhttps://drive.google.com/file/d/1XxiTVbwADL5-AfHok1n8ociUzZhg3s_e/view?usp=sharing
942 _cDISS
_2ddc
_n0
999 _c10287
_d10287